Stati per tasso di Aborto - Statistics

Statistiche generali
  • Questo quiz è stato fatto 7 volte
  • Il punteggio medio è 3 su 10
Statistiche sulle risposte
Aborti / 1 000 donne / anno Continente Nazione % Corretto
48,0 Asia India
100%
55,0 America del Nord Cuba
80%
59,0 Africa Guinea-Bissau
40%
45,0 America del Nord Barbados
20%
45,0 Asia Cambogia
20%
60,0 Africa Madagascar
20%
48,0 America del Nord Trinidad e Tobago
20%
64,0 Asia Vietnam
20%
49,0 Africa Capo Verde
0%
45,0 Africa Sierra Leone
0%
Nessun quiz corrispondente trovato
Distribuzione punteggi
Percentuale di utenti per punteggio
Percentile per numero di risposta
I tuoi punteggi nel tempo
Non hai fatto questo quiz